| 000 | 00609nam a2200205Ia 4500 | ||
|---|---|---|---|
| 003 | GCL | ||
| 008 | 140319s9999 xx 000 0 ara d | ||
| 040 |
_aGCL / _cGCL |
||
| 082 | 0 | 4 |
_a796.019 _bا م |
| 100 | 1 | _aابراهامز، سيرادولف | |
| 245 | 1 | 0 |
_aالمكنة البشرية والتربية الرياضية / _cابراهامز، سيرادولف |
| 700 | 1 | _aاحمد حسن | |
| 700 | 1 | _aعزت شعلان | |
| 300 | _a293 | ||
| 490 |
_a100 قصة _v0 |
||
| 650 | 0 | 4 | _aالرياضة البدنية |
| 650 | 0 | 4 | _aالتغذية |
| 650 | 0 | 4 | _aالفيتامينات |
| 942 |
_2ddc _cBK |
||
| 999 |
_c44053 _d44053 |
||